00596 2200229 4500001002100000005001500021035002000036245008000056100001000136250001000146300002100156260004400177082001400221084002000235020001800255990001400273990001400287990001700301990001400318990001700332990001700349INLIS00000000000001420210129085439 a0010-01210000061 aBudidaya Gaharu :bSatu Pohon Hasilkan Jutaan Rupiah /cDarma Susetya, S.P.0 aDarma acet.1 a150hal. :bilus. aYogyakarta :bPustaka Baru Press,c2015 a634.980 9 a634.980 9 DAR b a602-7819-02-2 a2003/2015 a2004/2015 a002201900040 a2003/2015 a002201900041 a002201900040